Responses for Show #4105 - Friday, June 7, 2002

Contestants

[<< previous game]

Jennifer Fremlin, an English professor originally from Sault Ste. Marie, Canada

Dileep Rao, an actor from Santa Monica, California

Erik Best, a law student from East Lansing, Michigan (whose 1-day cash winnings total $31,700)

[next game >>]

Jeopardy! Round responses

I WRITE THE SONGS
MAN "D"
I MADE IT THROUGH THE REIGN
CAN'T SMILE WITHOUT YOU
SHIPS
COBRA CABANA
    $200 7
Barry Manilow

Erik
    $200 2
Dostoyevsky

Jennifer
    $200 22
Louis

Erik
    $200 13
floss

Dileep
    $200 12
Reagan

Erik
    $200 1
the snake charmer

Jennifer
    $400 8
"Respect"

Erik
    $400 3
(Jennifer: Who is DuPont?)

Dow

DileepJennifer
    $400 23
emperor

Erik
    $400 14
enamel

Erik
    $400 16
the Mayflower

Erik
    $400 25
rats

Erik
    $600 9
Paul Williams

Jennifer
    $600 4
(Melvil) Dewey

Dileep
    $600 24
Iran

Triple Stumper
    $600 15
plaque

Dileep
    $600 17
John Paul Jones

Erik
    $600 26
nests

Erik
    $800 10
Jackson Browne

Dileep
    $800 5
Sir Francis Drake

Triple Stumper
    $800 29
(Jennifer: What is Peter?)

Alexander

DileepJennifer
    $800 20
wisdom teeth

Erik
    $800 18
the Lusitania

Erik
    $1,000 27
(Erik: What is Morocco?)

Egypt

Erik
    $1000 11
Richard Rodgers

Triple Stumper
    $1000 6
Douglass

Dileep
    $1000 30
Bavaria

Jennifer
    $1000 21
(Dileep: What is orthodontics?)
(Jennifer: What is periodontry--[*]?)

periodontics

DileepJennifer
    $1000 19
the Beagle

Jennifer
    $1000 28
(Jennifer: What is a fence?)

a hood

DileepJennifer

Scores at the first commercial break (after clue 15):

Erik Dileep Jennifer
$1,200 $3,600 $600

Scores at the end of the Jeopardy! Round:

Erik Dileep Jennifer
$4,400 $4,400 $1,800

Double Jeopardy! Round responses

AFRICAN CITIES
BASEBALL HISTORY
COLORFUL PEOPLE
THEATRE GAMES
NOTHING BUT TIME
GIMME AN "F"!
    $400 30
Johannesburg

Erik
    $400 3
players' salaries

Jennifer
    $400 9
Betty White

Erik
    $400 2
Cleopatra

Erik
    $400 19
twilight

Jennifer
    $400 1
floppy

Dileep
    $800 21
Suez

Erik
    $800 5
Babe Ruth

Erik
    $800 10
the Red Baron

Jennifer
    $800 15
bingo

Jennifer
    $800 20
prime time

Dileep
    $800 4
a face-off

Erik
    $1200 28
Victoria

Jennifer
    $1200 6
a farm system

Erik
    $1200 11
Clint Black

Jennifer
    $1200 16
The Odd Couple

Jennifer
    $1200 22
a timetable

Triple Stumper
    $1200 14
fetal

Dileep
    $5,000 27
Casablanca

Dileep
    $1600 7
saves

Erik
    $1600 12
Seth Green

Erik
    $1600 17
Amadeus

Jennifer
    $2,000 23
(Erik: What are ages?)

eras

Erik
    $1600 25
"The Four Seasons"

Dileep
    $2000 29
Dar es Salaam

Dileep
    $2000 8
the Detroit Tigers

Erik
    $2000 13
Amy Tan

Triple Stumper
    $2000 18
Guys and Dolls

Erik
    $2000 24
a video timecode

Triple Stumper
    $2000 26
a flowchart

Dileep

Scores at the end of the Double Jeopardy! Round:

Erik Dileep Jennifer
$14,400 $17,400 $9,400

[wagering suggestions for these scores]

Final Jeopardy! Round responses

ACTORS & ROLE
(Alex: [Imitating [*]] We've had big paydays every day this week. Will we have it again? Jennifer, we'll start with you.)
[Laughter]
...
(Alex: Dileep is looking at me and wondering, "What on earth is Trebek doing with all this weird voice?")
[Laughter]
...
(Alex: [Imitating [*] again] That's it, ladies and gentlemen. We'll see you all next week on Monday Night Jeopardy! So long.)
JenniferWho is Howard Cosell?
$5,002
ErikWho is Howard Cosell?
$4,401
DileepWho is Howard Cosell?
$17,000
Howard Cosell

Final scores:

Erik Dileep Jennifer
$18,801 $34,400 $14,402
2nd place: $2,000 New champion: $34,400 3rd place: $1,000

Game dynamics:

Coryat scores:

Erik Dileep Jennifer
$17,400 $14,000 $9,400
23 R,
2 W
(including 2 DDs)
15 R
(including 1 DD),
1 W
14 R,
3 W

Combined Coryat: $40,800

[game clues] [game scores] [suggest correction]

Game tape date: 2002-02-05
The J! Archive is created by fans, for fans. Scraping, republication, monetization, and malicious use prohibited; this site may use cookies and collect identifying information. See terms. The Jeopardy! game show and all elements thereof, including but not limited to copyright and trademark thereto, are the property of Jeopardy Productions, Inc. and are protected under law. This website is not affiliated with, sponsored by, or operated by Jeopardy Productions, Inc. Join the discussion at JBoard.tv.